Bytový dom

Saved in:
Bibliographic Details
Main Author: Chemerys, Oleksandr (Author)
Other Authors: Bisták, Andrej (Thesis advisor)
Format: Manuscript Book
Language:Slovak
Published: 2025
Subjects:
Online Access:http://is.stuba.sk/zp/portal_zp.pl?podrobnosti=179735
CRZP
Tags: Add Tag
No Tags, Be the first to tag this record!

MARC

LEADER 00000ntm a22000003a 4500
001 stuzp105391
003 SK-STU
005 20250724110726.0
007 ta
008 150427s2015----xo-----f-mn---000-0-slo-d
040 |a STU  |b slo 
041 0 |a slo 
100 1 |a Chemerys, Oleksandr  |u 010270  |4 aut  |U SvF Stavebná fakulta  |T SvF Katedra technológie stavieb  |X 123363  |U V270  |Y 28  |7 123363 
242 0 1 |a Residential house  |y eng 
245 1 0 |a Bytový dom 
260 |c 2025 
650 4 |a projekt organizácie výstavby(POV)  |2 slo 
650 4 |a bytový dom  |2 slo 
650 4 |a sadrokartónový podhľad  |2 slo 
650 4 |a residential building  |2 eng 
650 4 |a construction organization project (POV)  |2 eng 
650 4 |a plasterboard ceiling  |2 eng 
700 1 |a Bisták, Andrej  |u 901131  |k Z7  |4 ths  |U Rektorát STU  |T Útvar práce s verejnosťou  |X 66824  |U 901131  |Y 299  |7 A000066824 
856 4 |u http://is.stuba.sk/zp/portal_zp.pl?podrobnosti=179735 
856 4 |u https://opac.crzp.sk/?fn=detailBiblioForm&sid=EE8AF2E76B4BE2A86EA1C193824A  |z CRZP